01096 a2200205 4500003000500000005001700005010001600022020002700038040000900065082001600074100002800090245013100118260009300249300003400342505032100376650003500697942001300732999001900745952012600764Nust20220804125445.0 a 97034944 a0964000032 (hardcover) cNust00a621.367,HOL1 aHolst, Gerald C.99653110aSampling, aliasing, and data fidelity for electronic imaging systems, communications, and data acquisition /cGerald C. Holst. aWinter Park, FL :bJCD Pub. ;aBellingham, WA :bSPIE Optical Engineering Press,cc1998. axvi, 326 p. :bill. ;c24 cm. aIntroduction (Page-1), Fourier Transform (Page-29), Linear System Theory (Page-65), Sampling (Page-81), Sampling Devices (Page-98), Resampling (Page-131), Reconstruction (Page-158), Reconstructed Signal Processing (Page-196, System Analysis (Page-228), System Resolution (Page-274), Image Quality Metrics (Page-293). 0aTelecommunication Engineering. cREF2ddc c175579d175579 00102ddc4070aMCSbMCScREFd2016-12-12o621.367,HOLpMCS30931r2016-12-08w2016-12-12yREFzAlmirah No.20, Shelf No.5